Productos químicos orgánicos industriales tecnología, formulaciones y usos

Bibliographic Details
Main Authors: Witicoff, Harold A., Reuben, Bryan G.
Format: Section = Libro
Language:Undetermined
Spanish
Published: México Limusa 2004
Subjects:
LEADER 00562nam a2200193Ia 4500
008 240830s9999 xx 000 0 und d
020 |a 968-18-2047-9 
040 |a CEDOC FIQ-RUSB / 661 W827 
041 |a spa 
082 |a 661 W827 
100 1 |a Witicoff, Harold A. 
100 1 |b Reuben, Bryan G. 
245 1 0 |a Productos químicos orgánicos industriales tecnología, formulaciones y usos 
260 |a México  |b Limusa  |c 2004 
300 |a 522 p. :il 
650 7 |a TECNOLOGIA DE LOS PRODUCTOS QUIMICOS INDUSTRIALES 
942 |c BK  |2 ddc 
991 |a TEXTO 
999 |c 14149